[Event "Zagreb op-B"]
[Site "Zagreb"]
[Date "2012.03.10"]
[Round "6"]
[White "Sunjic, Vitomir"]
[Black "Tisljar, Stjepan"]
[Result "1/2-1/2"]
[WhiteElo "2175"]
[BlackElo "2052"]
[PlyCount "88"]
[EventDate "2012.03.05"]
[EventType "swiss"]
[EventRounds "9"]
[EventCountry "CRO"]
[SourceTitle "CBM 147 Extra"]
[Source "ChessBase"]
[SourceDate "2012.04.24"]
[SourceVersion "1"]
[SourceVersionDate "2012.04.24"]
[SourceQuality "1"]

1. e4 c5 2. Nf3 d6 3. d4 cxd4 4. Qxd4 Nc6 5. Bb5 Bd7 6. Bxc6 Bxc6 7. Nc3 Nf6 8. Bg5 e6 9. 0-0-0 h6 10. Bh4 g5 11. Bg3 e5 12. Qd3 Qa5 13. Kb1 0-0-0 14. Nd5 Nxd5 15. exd5 Bd7 16. Nd2 f5 17. f3 Be7 18. Bf2 Kb8 19. Nb3 Qc7 20. Qe3 b6 21. Rd3 Rc8 22. Rc3 Qb7 23. Rd1 f4 24. Rxc8+ Qxc8 25. Qc1 Bf5 26. Nd2 h5 27. Ne4 Bxe4 28. fxe4 Qg4 29. Rg1 Rc8 30. Qd1 Qxd1+ 31. Rxd1 g4 32. c3 Rf8 33. Kc2 f3 34. g3 Rh8 35. h4 b5 36. Kd3 Kb7 37. a4 a6 38. axb5 axb5 39. Ra1 Ra8 40. Rxa8 Kxa8 41. b3 Kb7 42. b4 Bd8 43. Kd2 Bf6 44. Kd3 Bg7 1/2-1/2

[Event "Porec op"]
[Site "Porec"]
[Date "2011.12.01"]
[Round "1"]
[White "Sunjic, Vitomir"]
[Black "Brzac, Marijan"]
[Result "1-0"]
[WhiteElo "2193"]
[BlackElo "1870"]
[PlyCount "93"]
[EventDate "2011.12.01"]
[EventType "swiss"]
[EventRounds "7"]
[EventCountry "CRO"]
[SourceTitle "CBM 145 Extra"]
[Source "ChessBase"]
[SourceDate "2012.01.03"]
[SourceVersion "1"]
[SourceVersionDate "2012.01.03"]
[SourceQuality "1"]

1. e4 e6 2. d4 d5 3. Nd2 Nf6 4. e5 Nfd7 5. Bd3 c5 6. c3 Nc6 7. Ndf3 Be7 8. Ne2 0-0 9. 0-0 f6 10. exf6 Nxf6 11. Bg5 Qc7 12. Bh4 c4 13. Bc2 Bd6 14. Ng3 Bd7 15. b4 cxb3 16. axb3 Ne7 17. Qd3 Nf5 18. Rfe1 a6 19. c4 Rac8 20. Nxf5 exf5 21. c5 Bf4 22. Bxf6 Rxf6 23. Ne5 Bb5 24. Qf3 Bxe5 25. Qxd5+ Qf7 26. Qxf7+ Kxf7 27. Rxe5 g6 28. Rae1 Kg8 29. b4 Bc4 30. f4 Rd8 31. Re8+ Rxe8 32. Rxe8+ Kf7 33. Re5 Re6 34. Kf2 Rxe5 35. dxe5 Ke6 36. Bd1 Kd7 37. Ke3 Kc7 38. Kd4 Be6 39. Be2 Kc6 40. Bc4 Bd7 41. e6 Be8 42. Ke5 a5 43. bxa5 Kxc5 44. Bd5 b5 45. axb6 Kxb6 46. Kd6 h6 47. h4 1-0

[Event "Zagreb op-B"]
[Site "Zagreb"]
[Date "2011.04.18"]
[Round "9"]
[White "Sunjic, Vitomir"]
[Black "Mesko, Andrej"]
[Result "1/2-1/2"]
[WhiteElo "2212"]
[BlackElo "2042"]
[PlyCount "29"]
[EventDate "2011.04.11"]
[EventType "swiss"]
[EventRounds "9"]
[EventCountry "CRO"]
[SourceTitle "CBM 141 Extra"]
[Source "ChessBase"]
[SourceDate "2011.05.03"]
[SourceVersion "1"]
[SourceVersionDate "2011.05.03"]
[SourceQuality "1"]

1. d4 Nf6 2. Nf3 e6 3. Bf4 d5 4. e3 c5 5. Nbd2 Nc6 6. c3 Bd6 7. Bg3 0-0 8. Bd3 b6 9. 0-0 Bxg3 10. hxg3 Qc7 11. Qe2 e5 12. dxe5 Nxe5 13. Nxe5 Qxe5 14. Nf3 Qh5 15. Nh4 1/2-1/2

[Event "CRO-chT4 Center-A"]
[Site "Zagreb"]
[Date "2011.04.03"]
[Round "4.52"]
[White "Sunjic, Vitomir"]
[Black "Mrnjec, Antun"]
[Result "1-0"]
[WhiteElo "2212"]
[BlackElo "2061"]
[PlyCount "81"]
[EventDate "2011.03.13"]
[EventType "team-tourn"]
[EventRounds "7"]
[EventCountry "CRO"]
[SourceTitle "EXT 2014"]
[Source "ChessBase"]
[SourceDate "2013.11.20"]
[SourceVersion "1"]
[SourceVersionDate "2013.11.20"]
[SourceQuality "1"]

1. e4 e5 2. Nf3 Nf6 3. Nxe5 d6 4. Nf3 Nxe4 5. Nc3 Nxc3 6. dxc3 Be7 7. Be3 Bf5 8. Qd2 Nc6 9. 0-0-0 Qd7 10. Nd4 Nxd4 11. Bxd4 0-0 12. g4 Be4 13. Rg1 Bf3 14. Re1 Rae8 15. Bd3 Qc6 16. Bxg7 Kxg7 17. Rxe7 h6 18. Rxe8 Rxe8 19. Qf4 Re5 20. h4 f6 21. Kd2 Qd5 22. Re1 Rxe1 23. Kxe1 Qe5+ 24. Qxe5 fxe5 25. Be2 Be4 26. Kd2 c6 27. c4 Kf6 28. f3 Bg6 29. Bd3 Bf7 30. Ke3 d5 31. cxd5 cxd5 32. c3 Be6 33. Be2 Bd7 34. a3 a5 35. f4 Be6 36. g5+ hxg5 37. hxg5+ Kf5 38. fxe5 Kxe5 39. g6 b6 40. Bb5 Kf5 41. Be8 1-0

[Event "CRO-chT4 Center-A"]
[Site "Zagreb"]
[Date "2011.03.27"]
[Round "3.32"]
[White "Simic, Ivica"]
[Black "Sunjic, Vitomir"]
[Result "0-1"]
[WhiteElo "2060"]
[BlackElo "2212"]
[PlyCount "84"]
[EventDate "2011.03.13"]
[EventType "team-tourn"]
[EventRounds "7"]
[EventCountry "CRO"]
[SourceTitle "EXT 2014"]
[Source "ChessBase"]
[SourceDate "2013.11.20"]
[SourceVersion "1"]
[SourceVersionDate "2013.11.20"]
[SourceQuality "1"]

1. c4 Nf6 2. Nc3 e6 3. e4 d5 4. e5 d4 5. exf6 dxc3 6. bxc3 Qxf6 7. Nf3 Qd8 8. d4 b6 9. Be2 Bb7 10. 0-0 Nd7 11. Qc2 Bd6 12. Bg5 Qc8 13. Rad1 h6 14. Be3 c5 15. d5 Nf6 16. Qa4+ Qd7 17. Qb3 0-0 18. h3 exd5 19. cxd5 Nxd5 20. Bc1 Rad8 21. c4 Nf6 22. Bb2 Qf5 23. Qc3 Bc7 24. Nh4 Qg5 25. Nf3 Qf4 26. Bc1 Qf5 27. Bd3 Qh5 28. Be2 Qf5 29. Bd3 Ne4 30. Qc2 Qe6 31. Rfe1 f5 32. Bb2 Qg6 33. Nh4 Qg5 34. Nf3 Qh5 35. a4 Ng5 36. Nxg5 Qxg5 37. g3 Bxg3 38. Kf1 Bh2 39. Re3 Rfe8 40. Bc1 Qg2+ 41. Ke1 Bf3 42. Be2 Qg1+ 0-1

[Event "CRO-chT3A Center"]
[Site "Zagreb"]
[Date "2010.11.14"]
[Round "11.22"]
[White "Sunjic, Vitomir"]
[Black "Markovic, Vjeran"]
[Result "1/2-1/2"]
[WhiteElo "2173"]
[BlackElo "2202"]
[PlyCount "108"]
[EventDate "2010.03.21"]
[EventType "team-tourn"]
[EventRounds "11"]
[EventCountry "CRO"]
[SourceTitle "EXT 2012"]
[Source "ChessBase"]
[SourceDate "2011.11.24"]
[SourceVersion "1"]
[SourceVersionDate "2011.11.24"]
[SourceQuality "1"]

1. d4 Nf6 2. Nf3 b6 3. Bf4 Bb7 4. e3 e6 5. Nbd2 d5 6. Bd3 Bd6 7. Ne5 0-0 8. Qf3 Nc6 9. c3 Ne7 10. g4 Ng6 11. g5 Nd7 12. Qg3 Bxe5 13. dxe5 d4 14. Be4 dxc3 15. bxc3 Nc5 16. Bxb7 Nxb7 17. e4 Nc5 18. 0-0 Qd3 19. Qxd3 Nxd3 20. Bg3 Ndxe5 21. f4 Rfd8 22. Rad1 Nd3 23. Nc4 Rd7 24. f5 Nf8 25. Rd2 Rad8 26. Rfd1 Nc5 27. Rxd7 Rxd7 28. Rxd7 Nfxd7 29. Nd2 e5 30. Kf2 f6 31. h4 Na4 32. Nb1 Ndc5 33. Ke3 Kf7 34. Be1 b5 35. Na3 c6 36. c4 a6 37. Bb4 Nd7 38. cxb5 axb5 39. Bd6 Nc3 40. Kd3 Nxa2 41. Kc2 b4 42. Nb1 Nb6 43. Kb3 Nc1+ 44. Kxb4 Nd3+ 45. Kc3 Ne1 46. Nd2 Ng2 47. Nf3 Nc8 48. Bc5 g6 49. Kd3 Ne7 50. gxf6 Kxf6 51. Bxe7+ Kxe7 52. fxg6 hxg6 53. Nxe5 Nxh4 54. Nxc6+ Kd6 1/2-1/2

[Event "CRO-chT3A Center"]
[Site "Zagreb"]
[Date "2010.10.24"]
[Round "8.62"]
[White "Sunjic, Vitomir"]
[Black "Okrosa, Marijan"]
[Result "1-0"]
[WhiteElo "2173"]
[BlackElo "2095"]
[PlyCount "71"]
[EventDate "2010.03.21"]
[EventType "team-tourn"]
[EventRounds "11"]
[EventCountry "CRO"]
[SourceTitle "EXT 2012"]
[Source "ChessBase"]
[SourceDate "2011.11.24"]
[SourceVersion "1"]
[SourceVersionDate "2011.11.24"]
[SourceQuality "1"]

1. e4 e6 2. d4 d5 3. exd5 exd5 4. Bd3 Nc6 5. c3 Bd6 6. Ne2 Qh4 7. Ng3 Bg4 8. Nf5 Bxf5 9. Bxf5 Nge7 10. Bh3 f5 11. Qe2 0-0-0 12. Qf1 Rde8 13. g3 Qe4+ 14. Kd1 Qf3+ 15. Kc2 Qh5 16. Nd2 g5 17. Bg2 f4 18. g4 Qf7 19. Qd3 h5 20. Bf3 hxg4 21. Bxg4+ Kb8 22. Nf3 Qg7 23. Bd2 Nd8 24. Rae1 Nf7 25. h3 Nh6 26. Bh5 Rd8 27. Rhg1 Nf7 28. Bxf7 Qxf7 29. Nxg5 Qh5 30. Rg4 Rdg8 31. Reg1 c5 32. dxc5 Bc7 33. Ne6 Rxg4 34. Rxg4 Qxh3 35. Qxh3 Rxh3 36. Rg7 1-0

[Event "CRO-chT3A Center"]
[Site "Zagreb"]
[Date "2010.10.17"]
[Round "7.22"]
[White "Stipic, Bruno"]
[Black "Sunjic, Vitomir"]
[Result "0-1"]
[WhiteElo "2127"]
[BlackElo "2173"]
[PlyCount "64"]
[EventDate "2010.03.21"]
[EventType "team-tourn"]
[EventRounds "11"]
[EventCountry "CRO"]
[SourceTitle "EXT 2012"]
[Source "ChessBase"]
[SourceDate "2011.11.24"]
[SourceVersion "1"]
[SourceVersionDate "2011.11.24"]
[SourceQuality "1"]

1. c4 f5 2. g3 Nf6 3. Nc3 g6 4. Bg2 Bg7 5. Nf3 d6 6. d4 Nc6 7. 0-0 0-0 8. d5 Na5 9. Qd3 c5 10. Ng5 h6 11. Ne6 Bxe6 12. dxe6 Nc6 13. e4 fxe4 14. Nxe4 Rb8 15. Bd2 Ne5 16. Qe2 Qc8 17. Bc3 Kh8 18. f4 Nc6 19. Bxf6 Bxf6 20. Qg4 Kh7 21. f5 g5 22. Rac1 Ne5 23. Qe2 a6 24. Nc3 b5 25. cxb5 axb5 26. Nxb5 Qa6 27. a4 Qxa4 28. Nc3 Qc4 29. Qc2 Nd3 30. Rcd1 Nxb2 31. Rc1 Nd3 32. Rcd1 Nb4 0-1

[Event "Porec op"]
[Site "Porec"]
[Date "2009.12.03"]
[Round "2"]
[White "Fercec, Nenad"]
[Black "Sunjic, Vitomir"]
[Result "1-0"]
[WhiteElo "2466"]
[BlackElo "2180"]
[PlyCount "101"]
[EventDate "2009.12.03"]
[EventType "swiss"]
[EventRounds "7"]
[EventCountry "CRO"]
[SourceTitle "CBM 133 Extra"]
[Source "ChessBase"]
[SourceDate "2010.01.05"]
[SourceVersion "1"]
[SourceVersionDate "2010.01.05"]
[SourceQuality "1"]

1. e4 c5 2. Nf3 Nc6 3. d4 cxd4 4. Nxd4 Nf6 5. Nc3 e5 6. Ndb5 d6 7. Bg5 a6 8. Na3 b5 9. Nd5 Be7 10. Bxf6 Bxf6 11. c3 Bg5 12. Nc2 0-0 13. a4 Rb8 14. axb5 axb5 15. Bd3 Ne7 16. Nxe7+ Bxe7 17. Nb4 Bb7 18. 0-0 f5 19. Qb3+ Kh8 20. Nd5 b4 21. cxb4 Bxd5 22. Qxd5 Rxb4 23. exf5 Rd4 24. Qb5 Qb8 25. Ra4 Qxb5 26. Bxb5 Rxa4 27. Bxa4 Rb8 28. b3 d5 29. Rc1 d4 30. Rc7 Bb4 31. Rd7 h5 32. h3 h4 33. Kf1 Rc8 34. Ke2 Rc2+ 35. Kf3 Be1 36. Kg4 Rc8 37. f4 Bg3 38. fxe5 Bxe5 39. Kxh4 Bf6+ 40. Kh5 Rc3 41. h4 Rg3 42. Bc6 Kg8 43. Bf3 Kf8 44. b4 Be7 45. Rxd4 Kf7 46. b5 g6+ 47. fxg6+ Rxg6 48. Bd5+ Kf6 49. Rf4+ Kg7 50. Rg4 Rxg4 51. Kxg4 1-0

[Event "Porec op"]
[Site "Porec"]
[Date "2008.12.07"]
[Round "7"]
[White "Grguric, Dragan"]
[Black "Sunjic, Vitomir"]
[Result "0-1"]
[WhiteElo "2111"]
[BlackElo "2136"]
[PlyCount "76"]
[EventDate "2008.12.04"]
[EventType "swiss"]
[EventRounds "7"]
[EventCountry "CRO"]
[SourceTitle "CBM 127 Extra"]
[Source "ChessBase"]
[SourceDate "2009.01.08"]
[SourceVersion "2"]
[SourceVersionDate "2009.01.28"]
[SourceQuality "1"]

1. e4 e5 2. Nf3 Nc6 3. Bb5 Nf6 4. Nc3 Be7 5. d4 exd4 6. Nxd4 0-0 7. 0-0 a6 8. Bxc6 dxc6 9. e5 Ng4 10. Bf4 f6 11. e6 Ne5 12. Nf5 Bxe6 13. Nxe7+ Qxe7 14. Re1 Bf7 15. Qd4 Rfe8 16. Rad1 Rad8 17. Qa7 Qb4 18. Rxd8 Rxd8 19. Bc1 Qb6 20. Qxb6 cxb6 21. f4 Ng6 22. Na4 Nxf4 23. Nxb6 Ne2+ 24. Rxe2 Rd1+ 25. Kf2 Rxc1 26. a3 a5 27. Rd2 Bg6 28. c3 Kf7 29. Ke3 Re1+ 30. Kd4 Re4+ 31. Kc5 Bf5 32. Nc4 Ke7 33. Nxa5 Re5+ 34. Kb4 Rb5+ 35. Ka4 Be6 36. b4 Rd5 37. Re2 b5+ 38. Kb3 Re5+ 0-1

[Event "Porec op"]
[Site "Porec"]
[Date "2007.12.08"]
[Round "5"]
[White "Zelic, Mladen"]
[Black "Sunjic, Vitomir"]
[Result "1/2-1/2"]
[WhiteElo "2286"]
[BlackElo "2169"]
[PlyCount "34"]
[EventDate "2007.12.06"]
[EventType "swiss"]
[EventRounds "7"]
[EventCountry "CRO"]
[SourceTitle "CBM 121 Extra"]
[Source "ChessBase"]
[SourceDate "2008.01.10"]
[SourceVersion "1"]
[SourceVersionDate "2008.01.10"]
[SourceQuality "1"]

1. e4 c5 2. d4 cxd4 3. c3 d5 4. exd5 Qxd5 5. cxd4 Nc6 6. Nf3 e5 7. Nc3 Bb4 8. Bd2 Bxc3 9. Bxc3 exd4 10. Nxd4 Nf6 11. Be2 Nxd4 12. Qxd4 0-0 13. 0-0 Qxd4 14. Bxd4 Nd5 15. Bf3 Be6 16. Rfd1 Rfd8 17. Rd2 Nb4 1/2-1/2

[Event "Porec op"]
[Site "Porec"]
[Date "2006.12.08"]
[Round "4"]
[White "Zaja, Ivan"]
[Black "Sunjic, Vitomir"]
[Result "1-0"]
[WhiteElo "2445"]
[BlackElo "2222"]
[PlyCount "57"]
[EventDate "2006.12.07"]
[EventType "swiss"]
[EventRounds "7"]
[EventCountry "CRO"]
[SourceTitle "CBM 115 Extra"]
[Source "ChessBase"]
[SourceDate "2007.01.10"]
[SourceVersion "1"]
[SourceVersionDate "2007.01.10"]
[SourceQuality "1"]

1. d4 Nf6 2. c4 e6 3. Nc3 d5 4. cxd5 exd5 5. Bg5 Be7 6. e3 c6 7. Bd3 Ne4 8. Bxe7 Nxc3 9. bxc3 Qxe7 10. Qc2 Nd7 11. Nf3 Nf8 12. 0-0 Bg4 13. Nd2 Ng6 14. f4 0-0 15. Rae1 Rfe8 16. f5 Nf8 17. h3 Bh5 18. g4 Qh4 19. Nf3 Qxh3 20. gxh5 Qxh5 21. Qh2 Qxh2+ 22. Kxh2 Nd7 23. Kg3 Re7 24. c4 dxc4 25. Bxc4 Rae8 26. e4 Nb6 27. Bb3 Kf8 28. e5 f6 29. Rh1 1-0

[Event "CRO-chT2 Center"]
[Site "Zagreb"]
[Date "2005.04.17"]
[Round "2.4"]
[White "Sunjic, Vitomir"]
[Black "Maltar, Alberto"]
[Result "0-1"]
[WhiteElo "2230"]
[BlackElo "2129"]
[PlyCount "147"]
[EventDate "2005.04.03"]
[EventType "team-tourn"]
[EventRounds "11"]
[EventCountry "CRO"]
[SourceTitle "EXT 2007"]
[Source "ChessBase"]
[SourceDate "2006.11.23"]
[SourceVersion "1"]
[SourceVersionDate "2006.11.23"]
[SourceQuality "1"]

1. d4 c5 2. Nf3 cxd4 3. Nxd4 d5 4. e3 e5 5. Nf3 Nc6 6. c4 Nf6 7. Be2 Bf5 8. 0-0 Be7 9. a3 0-0 10. b4 e4 11. Nd4 Nxd4 12. Qxd4 dxc4 13. Qxc4 Rc8 14. Qb5 Qd5 15. Bb2 Rc7 16. Bd4 a6 17. Qxd5 Nxd5 18. Bd1 Rc6 19. Bb3 Be6 20. Nd2 f5 21. Rfc1 Rfc8 22. Rxc6 Rxc6 23. Kf1 Nc7 24. Ke1 Kf7 25. Bxe6+ Nxe6 26. Be5 b5 27. Kd1 Nf8 28. Rc1 Rxc1+ 29. Kxc1 g5 30. g3 Nd7 31. Bd4 g4 32. Nb3 Ke6 33. Kd2 Kd5 34. Kc3 Nf8 35. Bg7 Ne6 36. Bh6 Bf6+ 37. Kc2 Bd8 38. Kc3 Bb6 39. Kc2 Kc4 40. Nd2+ Kd5 41. Nb3 Nd8 42. Bg7 Nc6 43. Kc3 a5 44. bxa5 Nxa5 45. Kb4 Nxb3 46. Kxb3 Bc5 47. Bc3 Kc6 48. a4 Bd6 49. axb5+ Kxb5 50. Bd2 Be7 51. Bc3 h6 52. Bd2 h5 53. Bc3 h4 54. Bd2 h3 55. Bc3 Bd6 56. Bd2 Ba3 57. Be1 Bc1 58. Kc2 Ba3 59. Kb3 Bc5 60. Bd2 Bd6 61. Bc3 Kc6 62. Kc4 Bc5 63. Be5 Bb6 64. Bc3 Kd6 65. Bb4+ Ke6 66. Bc3 Bc7 67. Bd2 Be5 68. Bc1 Bd6 69. Bd2 Ba3 70. Kb3 Kd5 71. Be1 Bc5 72. Bd2 f4 73. gxf4 Be7 74. Be1 0-1

[Event "CRO-chT2 Center"]
[Site "Zagreb"]
[Date "2005.04.03"]
[Round "1.3"]
[White "Jadrijevic, Ante"]
[Black "Sunjic, Vitomir"]
[Result "0-1"]
[WhiteElo "2174"]
[BlackElo "2230"]
[PlyCount "100"]
[EventDate "2005.04.03"]
[EventType "team-tourn"]
[EventRounds "11"]
[EventCountry "CRO"]
[SourceTitle "EXT 2007"]
[Source "ChessBase"]
[SourceDate "2006.11.23"]
[SourceVersion "1"]
[SourceVersionDate "2006.11.23"]
[SourceQuality "1"]

1. d4 Nf6 2. c3 d5 3. Bf4 e6 4. e3 c5 5. Nd2 Nc6 6. Bd3 Bd6 7. Bxd6 Qxd6 8. f4 Bd7 9. a3 0-0 10. Qe2 Ne8 11. Ngf3 f5 12. g4 Nf6 13. gxf5 exf5 14. Ne5 cxd4 15. exd4 Ne4 16. 0-0 Nxe5 17. fxe5 Qh6 18. Nf3 Rac8 19. c4 Rc6 20. Bxe4 fxe4 21. Nd2 Rg6+ 22. Kh1 Rxf1+ 23. Rxf1 Bh3 24. Rg1 Rxg1+ 25. Kxg1 Qg6+ 26. Kh1 e3 27. Nf3 Qb1+ 28. Ng1 Qe4+ 29. Qf3 Bf5 30. Kg2 dxc4 31. Kg3 g5 32. Qxe4 Bxe4 33. Ne2 h5 34. Nc3 Bh1 35. d5 h4+ 36. Kg4 Bxd5 37. Kxg5 Bf3 38. Kxh4 e2 39. Nxe2 Bxe2 40. Kg5 Kf7 41. Kf4 Ke6 42. Ke3 Bh5 43. Kd4 Bf7 44. Kxc4 Kxe5+ 45. Kc5 Bh5 46. a4 Bd1 47. a5 a6 48. b4 Ba4 49. h4 Bc6 50. h5 Kf5 0-1